00369 a2200109 4500001001000000005001700010008004100027245009200068100002600160773005600186999001700242ART_3918320260410161752.0260409a 10aEl tratamiento fiscal de la cuenta del socio en el impuesto sobre los bienes personales1 aGarcía, Fernando D.0 tDoctrina tributariag- Nº 401 (ago. 2013)wREV4296 c19795d19795